000 02136cam a22002294a 4500
005 20250605163944.0
008 250528s ||||||||||||||||||||||||d
035 _a15138
020 _a201767333
040 _aGR-AtMCL
_bgre
_dGR-AtMCL
_eAACR2
245 1 _aInternational Business / Environments and Operations: Eighth Edition
250 _a8th
260 _bAddison-Wesley Publishing Company,
_c1998
300 _a946
505 0 _aInternational Business: An Overview, International Business Environment: An Atlas, The Cultural Environments Facing Business, The Political and Legal Environments Facing Business, The Economic Environment, International Trade Theory, Governmental Influence on Trade, Economic Integration and Cooperative Agreements, Foreign Direct Investment, Foreign Exchange, The Determination of Exchange Rates, The Impact of Multinational Enterprise, International Business Negotiations and Diplomacy, Country Evaluation and Selection, Colaborative Strategies, Control Strategies, Marketing, Export and Import Strategies, Global Operations Management and Sourcing Strategies, Multinational Accounting and Tax Functions, The Multinational Finance Function, Human Resource Management, Index.
520 _aInternational Business: An Overview, International Business Environment: An Atlas, The Cultural Environments Facing Business, The Political and Legal Environments Facing Business, The Economic Environment, International Trade Theory, Governmental Influence on Trade, Economic Integration and Cooperative Agreements, Foreign Direct Investment, Foreign Exchange, The Determination of Exchange Rates, The Impact of Multinational Enterprise, International Business Negotiations and Diplomacy, Country Evaluation and Selection, Colaborative Strategies, Control Strategies, Marketing, Export and Import Strategies, Global Operations Management and Sourcing Strategies, Multinational Accounting and Tax Functions, The Multinational Finance Function, Human Resource Management, Index.
700 1 _aDaniels John D
_9994
700 1 _aRadebaugh Lee H
_9914
942 _cBK
999 _c732
_d732